| 000 | 00861nam a2200145Ia 4500 | ||
|---|---|---|---|
| 008 | 231221s9999 xx 000 0 und d | ||
| 041 | _aEnglish | ||
| 082 | _aCPEE15-1112 | ||
| 100 | _aDivya, S. Prasanna Kumar. Ambika, G Dath. | ||
| 245 | 0 | _aDesign And Modeling Of Z Source Inverter with The Novel Implementation Of Modified modulating Signal And Shoot Through control Strategies | |
| 260 | _c2015 | ||
| 500 | _aDesign And Modeling Of Z Source Inverter with The Novel Implementation Of Modified modulating Signal And Shoot Through control Strategies Divya. S, Prasanna Kumar. C, Ambika. G. Dath Department of Electrical & Electronics Engineering, PES University, Bangalore . Micheal Faraday IET International Summit, MFIIS, 2015, Sept 12-13, 2015. | ||
| 650 | _aModeling,Z,Source,Inverter,Novel,Modified,modulating,Shoot,control,Strategies | ||
| 942 | _cIR | ||
| 999 |
_c233647 _d233647 |
||